| 000 | 00377nam a2200169Ia 4500 | ||
|---|---|---|---|
| 003 | 0STCL | ||
| 008 | 150530s9999 xx 000 0 und d | ||
| 040 |
_aSTCL _cSTCL |
||
| 100 | _aRamprasad Mishra | ||
| 245 | _aNaya Sahitya Naya Ayam | ||
| 260 |
_bPallav : Delhi _c1979 |
||
| 300 | _a0 | ||
| 546 | _aHindi | ||
| 942 |
_2ddc _cBK |
||
| 999 |
_c64940 _d64940 |
||
| 005 | 20220125171255.0 | ||